| 000 | 01000nam a2200313 i 4500 | ||
|---|---|---|---|
| 003 | DO-SdBNP | ||
| 005 | 20231018105159.0 | ||
| 006 | a||||gr|||| 00| 0 | ||
| 007 | ta | ||
| 008 | 231009e2007 sp ac||| |||| 00| 1 spa d | ||
| 020 | _a9992291665 | ||
| 040 |
_aDO-SdBNP _bspa _cBNPHU _erda |
||
| 082 | 4 |
_aG863.44 _bM538c _222 |
|
| 100 | 1 |
_aMéndez, Francisco _984417 _eautor _d1907-1962 |
|
| 245 | 1 | 0 |
_aCuentos de joyabaj / _cFrancisco Méndez |
| 250 | _a5a. edición | ||
| 264 | 1 |
_aGuatemala : _bCultura, _c2007 |
|
| 300 |
_a270 páginas ; _c22 cm |
||
| 336 |
_2rdacontent _atexto _btxt |
||
| 337 |
_2rdamedia _asin medición _bn |
||
| 338 |
_2rdacarrier _avolumen _bnc |
||
| 490 | 1 |
_aCuento guatemalteco ; _vAugusto Monterroso, 35 |
|
| 590 | _aInventariado 2023 / DG | ||
| 650 | 4 |
_aCuentos guatemaltecos _915066 |
|
| 650 | 4 |
_aLiteratura guatemalteca _95393 |
|
| 830 | 0 |
_aCuento guatemalteco ; _pAugusto Monterroso, _n35 _984497 |
|
| 910 | _aDG/Validado. Control de calidad MFF | ||
| 942 |
_2ddc _cLBS1 |
||
| 999 |
_c55133 _d55133 |
||